[Event "4NCL Division One"]
[Site "Daventry, ENG"]
[Date "2023.03.19"]
[Round "8.41"]
[White "Sarakauskas, Gediminas"]
[Black "Murphy, Conor E"]
[Result "0-1"]
[WhiteElo "2387"]
[BlackElo "2442"]
[PlyCount "103"]
[EventDate "2023.03.19"]
[WhiteTeam "Gonzaga"]
[BlackTeam "Cambridge University 1"]

1. e4 e5 2. Nf3 Nc6 3. Bc4 Nf6 4. d3 Bc5 5. O-O d6 6. c3 a5 7. Nbd2 O-O 8. h3
Be6 9. Re1 Ba7 10. Bb3 Bxb3 11. Qxb3 a4 12. Qc2 d5 13. Nf1 d4 14. Ng3 Nd7 15.
cxd4 Nxd4 16. Nxd4 Bxd4 17. Nf5 Bb6 18. Be3 Bxe3 19. Nxe3 c6 20. Rad1 Qb6 21.
Qc3 Qc5 22. Qxc5 Nxc5 23. Nc4 f6 24. d4 exd4 25. Rxd4 Rfd8 26. Red1 Rxd4 27.
Rxd4 Kf7 28. f3 Ke7 29. Kf2 g6 30. Ke3 b5 31. Nd2 Ne6 32. Rd3 c5 33. Rd5 Rc8
34. f4 a3 35. b3 Nd4 36. Kd3 Nc6 37. Rxc5 Nb4+ 38. Kd4 Nc2+ 39. Kd5 Nb4+ 40.
Kd4 Nc2+ 41. Kd5 Rd8+ 42. Kc6 Rxd2 43. Kxb5 Nd4+ 44. Kb4 Rxa2 45. Rc7+ Ke6 46.
g4 h6 47. f5+ gxf5 48. exf5+ Ke5 49. Re7+ Kf4 50. Rf7 Nc2+ 51. Kc3 Ne3 52. Kd4
0-1

[Event "4NCL Division One"]
[Site "Daventry, ENG"]
[Date "2023.03.19"]
[Round "8.42"]
[White "Bisby, Daniel L"]
[Black "Delaney, Killian"]
[Result "1/2-1/2"]
[WhiteElo "2294"]
[BlackElo "2300"]
[PlyCount "82"]
[EventDate "2023.03.19"]
[WhiteTeam "Cambridge University 1"]
[BlackTeam "Gonzaga"]

1. e4 c6 2. Nf3 d5 3. Nc3 Bg4 4. Be2 dxe4 5. Nxe4 Nf6 6. Nxf6+ exf6 7. d4 Bd6
8. Nd2 Be6 9. Ne4 Be7 10. O-O Nd7 11. c4 f5 12. d5 Bxd5 13. cxd5 fxe4 14. dxc6
bxc6 15. Qa4 Qb6 16. Qxe4 Nf6 17. Qc2 Nd5 18. b3 O-O 19. Bb2 Bf6 20. Bxf6 Nxf6
21. Rac1 Rac8 22. Qc5 Ne4 23. Qf5 Rfe8 24. Rc2 Rcd8 25. Bf3 Nd2 26. Rfc1 g6 27.
Qf6 Re6 28. Qc3 Red6 29. h3 Rd3 30. Qxc6 Nxf3+ 31. gxf3 Qa5 32. Qf6 R3d6 33.
Qf4 Rd1+ 34. Rxd1 Rxd1+ 35. Kg2 Qe1 36. Qh2 Qf1+ 37. Kg3 Qd3 38. Rc4 Rd2 39.
Kg2 Qe3 40. Qg3 Rxa2 41. Re4 Qc5 1/2-1/2

[Event "4NCL Division One"]
[Site "Daventry, ENG"]
[Date "2023.03.19"]
[Round "8.43"]
[White "Wall, Gavin"]
[Black "McClement, Andrew"]
[Result "0-1"]
[WhiteElo "2294"]
[BlackElo "2212"]
[PlyCount "88"]
[EventDate "2023.03.19"]
[WhiteTeam "Gonzaga"]
[BlackTeam "Cambridge University 1"]

1. e4 c5 2. Nf3 d6 3. d4 cxd4 4. Qxd4 Nc6 5. Bb5 Bd7 6. Bxc6 Bxc6 7. Nc3 Nf6 8.
Bg5 e6 9. O-O-O Be7 10. Rhe1 O-O 11. Qd2 a6 12. Nd4 Rc8 13. f4 h6 14. Bxf6 Bxf6
15. Kb1 b5 16. Nxc6 Rxc6 17. Re3 Qc7 18. Ne2 Rc8 19. Rc1 Rc4 20. Ng3 Qc5 21.
Qe2 Bd4 22. Rd3 a5 23. e5 dxe5 24. Ne4 Qb6 25. fxe5 Bxe5 26. Nd2 Bf6 27. Rb3
R4c5 28. Ne4 Rxc2 29. Nxf6+ gxf6 30. Qxc2 Rxc2 31. Rxc2 f5 32. a4 b4 33. Ka2
Qd6 34. Rg3+ Kf8 35. b3 f4 36. Rf3 e5 37. Rcf2 e4 38. Rxf4 e3 39. Rxf7+ Ke8 40.
R2f6 e2 41. Rxd6 Kxf7 42. Rd5 e1=Q 43. Rxa5 Qe2+ 44. Kb1 Qf1+ 0-1

[Event "4NCL Division One"]
[Site "Daventry, ENG"]
[Date "2023.03.19"]
[Round "8.44"]
[White "Hill, Alistair"]
[Black "Freeman, Gordon"]
[Result "1-0"]
[WhiteElo "2174"]
[BlackElo "2218"]
[PlyCount "51"]
[EventDate "2023.03.19"]
[WhiteTeam "Cambridge University 1"]
[BlackTeam "Gonzaga"]

1. e4 c5 2. Nf3 d6 3. d4 cxd4 4. Nxd4 Nf6 5. Nc3 e6 6. g4 h6 7. Rg1 Nc6 8. Be3
a6 9. Nxc6 bxc6 10. Qf3 Rb8 11. O-O-O Qa5 12. Bc4 d5 13. Bb3 Bb4 14. Bd4 Be7
15. exd5 cxd5 16. h4 Bb7 17. Qe3 Bc6 18. g5 hxg5 19. hxg5 Ne4 20. Nxe4 dxe4 21.
Bxg7 Rg8 22. Bf6 Bc5 23. Qf4 Qb6 24. g6 fxg6 25. Bxe6 Bxf2 26. Qe5 1-0

[Event "4NCL Division One"]
[Site "Daventry, ENG"]
[Date "2023.03.19"]
[Round "8.45"]
[White "Venkatesan, Kavin"]
[Black "Robertson, J Stuart"]
[Result "1/2-1/2"]
[WhiteElo "2154"]
[BlackElo "2159"]
[PlyCount "208"]
[EventDate "2023.03.19"]
[WhiteTeam "Gonzaga"]
[BlackTeam "Cambridge University 1"]

1. d4 d5 2. c4 dxc4 3. Nf3 Nf6 4. e3 Bg4 5. Bxc4 e6 6. h3 Bh5 7. Nbd2 a6 8. b3
Nc6 9. Bb2 Bb4 10. a3 Bxd2+ 11. Qxd2 Ne4 12. Qc2 Bxf3 13. gxf3 Nd6 14. d5 exd5
15. Bxd5 Ne7 16. Bxg7 Rg8 17. Bf6 Rg6 18. Bh4 Rh6 19. Bg5 Rg6 20. Bh4 Rh6 21.
Bg5 Rg6 22. Bxe7 Qxe7 23. Be4 Nxe4 24. Qxe4 Qxe4 25. fxe4 O-O-O 26. Rd1 Re8 27.
Rd4 c5 28. Rd5 b6 29. Rf5 Re7 30. Ke2 Rc7 31. Rh5 h6 32. Rc1 Re6 33. Rc4 Rec6
34. Rf5 b5 35. Rc3 Kd8 36. Rd5+ Ke7 37. Re5+ Kf6 38. Rf5+ Ke7 39. Re5+ Kf6 40.
Rh5 Kg6 41. Rd5 Kf6 42. f4 Ke7 43. a4 Ke6 44. axb5 axb5 45. b4 cxb4 46. Rxc6+
Rxc6 47. Rxb5 Rc2+ 48. Kd3 Rh2 49. Rb6+ Ke7 50. Rxh6 b3 51. Rb6 b2 52. h4 Kf8
53. h5 Kg7 54. Kc3 Re2 55. Rxb2 Rxe3+ 56. Kd4 Rh3 57. Rb5 Rh1 58. Rf5 Kf8 59.
Rg5 Ke7 60. Ra5 Kf8 61. Rb5 Rh4 62. Rf5 Rh1 63. e5 Ke7 64. Ke4 Rh3 65. Rg5 Rh4
66. Kf5 Rh1 67. Ke4 Rh4 68. Rf5 Rh3 69. Kd4 Rh1 70. Ke3 Rh3+ 71. Kf2 Rh4 72.
Kg3 Rh1 73. Kg2 Rh4 74. Kg3 Rh1 75. Kg4 Rg1+ 76. Kh4 Rh1+ 77. Kg5 Ke6 78. Rf6+
Ke7 79. Kh6 Rh4 80. Kg7 Rg4+ 81. Kh7 Rh4 82. h6 Rg4 83. Rf5 Kf8 84. e6 Ke7 85.
exf7 Kf8 86. Rg5 Rxf4 87. Kg6 Rf6+ 88. Kh7 Rxf7+ 89. Kh8 Rf6 90. Kh7 Rf7+ 91.
Rg7 Rf1 92. Rg2 Rf7+ 93. Kg6 Kg8 94. Rb2 Rf8 95. Rb7 Ra8 96. Rb6 Rc8 97. Ra6
Rb8 98. Rf6 Ra8 99. Re6 Rb8 100. Ra6 Rc8 101. Rb6 Ra8 102. Rd6 Rc8 103. h7+ Kh8
104. Kh6 Ra8 1/2-1/2

[Event "4NCL Division One"]
[Site "Daventry, ENG"]
[Date "2023.03.19"]
[Round "8.46"]
[White "Stewart, Ashley"]
[Black "Thorarinsson, Pall A."]
[Result "1/2-1/2"]
[WhiteElo "2055"]
[BlackElo "2210"]
[PlyCount "101"]
[EventDate "2023.03.19"]
[WhiteTeam "Cambridge University 1"]
[BlackTeam "Gonzaga"]

1. c4 e5 2. g3 Nc6 3. Nc3 f5 4. Nf3 Nf6 5. d4 e4 6. Nh4 d5 7. Bg5 Be7 8. e3 O-O
9. Bxf6 Bxf6 10. cxd5 Ne7 11. Bc4 Bxh4 12. gxh4 Ng6 13. Qh5 Nxh4 14. O-O-O Nf3
15. Ne2 b5 16. Bb3 Qd6 17. Nf4 a5 18. Rdg1 a4 19. Bd1 Nxg1 20. Rxg1 Rf7 21. Qg5
Qf6 22. Qg2 Bb7 23. Kb1 Rd8 24. Qf1 Qb6 25. Bh5 Bxd5 26. Nxd5 Rxd5 27. Bxf7+
Kxf7 28. Qh3 Kg8 29. Qg3 g6 30. Qg5 Qd6 31. Rc1 c5 32. dxc5 Rxc5 33. Rxc5 Qxc5
34. Qd8+ Kg7 35. Qd7+ Kh6 36. Qd8 Qe5 37. h4 Qc5 38. a3 b4 39. axb4 Qxb4 40.
Ka2 Qc4+ 41. Ka1 Qb4 42. Ka2 Qc5 43. Qf6 Qc4+ 44. Ka1 Qf1+ 45. Ka2 Qg1 46. Qe7
Qxf2 47. Qg5+ Kg7 48. Qe7+ Kh6 49. Qg5+ Kg7 50. Qe7+ Kh6 51. Qg5+ 1/2-1/2

[Event "4NCL Division One"]
[Site "Daventry, ENG"]
[Date "2023.03.19"]
[Round "8.47"]
[White "Murray, David"]
[Black "Starley, Robert"]
[Result "0-1"]
[WhiteElo "2145"]
[BlackElo "2056"]
[PlyCount "44"]
[EventDate "2023.03.19"]
[WhiteTeam "Gonzaga"]
[BlackTeam "Cambridge University 1"]

1. e4 e5 2. Nf3 Nc6 3. d4 exd4 4. Nxd4 Nf6 5. Nxc6 bxc6 6. e5 Qe7 7. Qe2 Nd5 8.
c4 Ba6 9. g3 g6 10. b3 Bg7 11. Bb2 O-O 12. Bg2 Rfe8 13. f4 Qc5 14. Nd2 Ne3 15.
Be4 d5 16. Bd3 f6 17. Rc1 fxe5 18. cxd5 Qxd5 19. Bxa6 Qxh1+ 20. Kf2 Qg2+ 21.
Ke1 Qg1+ 22. Nf1 exf4 0-1

[Event "4NCL Division One"]
[Site "Daventry, ENG"]
[Date "2023.03.19"]
[Round "8.51"]
[White "Kozusek, Daniel"]
[Black "Chow, Samuel"]
[Result "1-0"]
[WhiteElo "2328"]
[BlackElo "2410"]
[PlyCount "82"]
[EventDate "2023.03.19"]
[WhiteTeam "West is Best 1"]
[BlackTeam "Chessable White Rose 2"]

1. d4 Nf6 2. c4 g6 3. g3 c6 4. Bg2 d5 5. Nf3 Bg7 6. O-O O-O 7. Ne5 Ng4 8. cxd5
cxd5 9. Bf4 Nxe5 10. Bxe5 Bxe5 11. dxe5 e6 12. e4 dxe4 13. Qxd8 Rxd8 14. Bxe4
Na6 15. Nc3 Rb8 16. Rfd1 Bd7 17. Rd6 Kf8 18. Rad1 Ke7 19. Bxb7 Nc5 20. Bc6 Bxc6
21. Rxc6 Rxd1+ 22. Nxd1 Nd3 23. Rc7+ Kf8 24. b3 Nxe5 25. Rxa7 Rd8 26. Nc3 h6
27. Ra5 Nf3+ 28. Kg2 Rd3 29. Rc5 Nd4 30. b4 Rd2 31. a4 Rb2 32. b5 Nb3 33. Rc8+
Ke7 34. b6 Nd4 35. a5 Kd7 36. Rc7+ Kd6 37. Ne4+ Ke5 38. b7 Kxe4 39. a6 Nf5 40.
a7 Ne3+ 41. Kh3 Kd5 1-0

[Event "4NCL Division One"]
[Site "Daventry, ENG"]
[Date "2023.03.19"]
[Round "8.52"]
[White "Chan, Sheng Liang Bernard"]
[Black "Cooper, John G"]
[Result "1-0"]
[WhiteElo "2163"]
[BlackElo "2255"]
[PlyCount "67"]
[EventDate "2023.03.19"]
[WhiteTeam "Chessable White Rose 2"]
[BlackTeam "West is Best 1"]

1. d4 Nf6 2. c4 g6 3. Nf3 Bg7 4. g3 O-O 5. Bg2 d6 6. O-O Nbd7 7. Nc3 e5 8. e4
exd4 9. Nxd4 Re8 10. h3 Nc5 11. Re1 h6 12. b3 a5 13. Bb2 a4 14. b4 a3 15. Bc1
Ne6 16. Ndb5 Bd7 17. Rb1 Ng5 18. Bxg5 hxg5 19. Qc1 g4 20. h4 Be6 21. e5 dxe5
22. Bxb7 Rb8 23. Bc6 Re7 24. c5 e4 25. Qxa3 Nd7 26. Rbd1 Qf8 27. Bxd7 Bxd7 28.
Nxc7 e3 29. N3d5 exf2+ 30. Kxf2 Rxe1 31. Rxe1 Bd4+ 32. Kg2 Kh7 33. h5 Bc6 34.
Qa6 1-0

[Event "4NCL Division One"]
[Site "Daventry, ENG"]
[Date "2023.03.19"]
[Round "8.53"]
[White "Jones, Steven A"]
[Black "Townsend, M Paul"]
[Result "0-1"]
[WhiteElo "2143"]
[BlackElo "2209"]
[PlyCount "66"]
[EventDate "2023.03.19"]
[WhiteTeam "West is Best 1"]
[BlackTeam "Chessable White Rose 2"]

1. e4 e6 2. d4 d5 3. exd5 exd5 4. Nf3 Nf6 5. Bd3 c5 6. O-O c4 7. Re1+ Be7 8.
Bf1 O-O 9. Bg5 Nc6 10. Ne5 Re8 11. Nc3 Bf5 12. g3 h6 13. Be3 Qa5 14. Bg2 Rad8
15. a3 Nxe5 16. dxe5 Ne4 17. Qf3 Bg6 18. Bd4 Bc5 19. Red1 Bxd4 20. Rxd4 Re7 21.
e6 Rxe6 22. Nxe4 Rxe4 23. Qd1 Rxd4 24. Qxd4 Bxc2 25. Qe5 Ba4 26. h4 Bc6 27. Rd1
Re8 28. Qf5 Re1+ 29. Kh2 g6 30. Qc8+ Kg7 31. Rd4 Re8 32. Qg4 Qe1 33. Qf4 Re2
0-1

[Event "4NCL Division One"]
[Site "Daventry, ENG"]
[Date "2023.03.19"]
[Round "8.54"]
[White "Wall, Tim P"]
[Black "Macfarlane, Donald"]
[Result "1/2-1/2"]
[WhiteElo "2255"]
[BlackElo "2187"]
[PlyCount "27"]
[EventDate "2023.03.19"]
[WhiteTeam "Chessable White Rose 2"]
[BlackTeam "West is Best 1"]

1. d4 Nf6 2. Nc3 d5 3. Bf4 a6 4. e3 e6 5. g4 Bb4 6. Nge2 Ne4 7. a3 Nxc3 8. Nxc3
Bxc3+ 9. bxc3 Qd7 10. Bd3 Qc6 11. O-O Nd7 12. Qf3 e5 13. dxe5 Nc5 14. c4
1/2-1/2

[Event "4NCL Division One"]
[Site "Daventry, ENG"]
[Date "2023.03.19"]
[Round "8.55"]
[White "Redmond, John P."]
[Black "Walton, Alan J"]
[Result "1-0"]
[WhiteElo "2186"]
[BlackElo "2163"]
[PlyCount "79"]
[EventDate "2023.03.19"]
[WhiteTeam "West is Best 1"]
[BlackTeam "Chessable White Rose 2"]

1. b3 d5 2. Bb2 Nf6 3. Nf3 c5 4. e3 Nc6 5. Bb5 Bd7 6. c4 e6 7. cxd5 exd5 8. O-O
Bd6 9. d4 cxd4 10. Nxd4 O-O 11. Nc3 a6 12. Nxc6 bxc6 13. Be2 Qe7 14. Na4 Rfb8
15. Rc1 Ne4 16. Bf3 f5 17. Bd4 Rf8 18. Nb6 Rae8 19. Qc2 Ng5 20. Bh5 g6 21. Nxd7
Qxd7 22. Qxc6 Qxc6 23. Rxc6 Re6 24. Rxd6 Rxd6 25. Bc5 Rc6 26. Bxf8 Kxf8 27. Be2
Ne4 28. Bd3 Ke7 29. f3 Nc3 30. Ra1 Kd6 31. Kf2 Kc5 32. Ke1 Kb4 33. Kd2 Nb5 34.
Bxb5 axb5 35. a4 Ra6 36. Rb1 bxa4 37. bxa4+ Kc4 38. Ra1 d4 39. exd4 Kxd4 40. a5
1-0

[Event "4NCL Division One"]
[Site "Daventry, ENG"]
[Date "2023.03.19"]
[Round "8.56"]
[White "Kisteneva, Liza"]
[Black "Kett, Tim"]
[Result "1-0"]
[WhiteElo "2057"]
[BlackElo "2124"]
[PlyCount "57"]
[EventDate "2023.03.19"]
[WhiteTeam "Chessable White Rose 2"]
[BlackTeam "West is Best 1"]

1. c4 e5 2. Nc3 Bb4 3. Nf3 Bxc3 4. bxc3 Qe7 5. Qc2 Nf6 6. e4 d6 7. g3 O-O 8.
Bg2 c5 9. O-O Nc6 10. d3 Nh5 11. Qe2 g6 12. Ne1 Ng7 13. Nc2 f5 14. exf5 Bxf5
15. Ne3 Rae8 16. Nd5 Qd8 17. h4 Qc8 18. Bg5 Kh8 19. Nf6 Re6 20. Ne4 h5 21. Bd2
Nd8 22. Ng5 Ree8 23. Bd5 Bg4 24. f3 Bd7 25. Ne4 Nf5 26. g4 Nxh4 27. Nxd6 Qc7
28. Nxe8 Bxe8 29. Bg5 1-0

[Event "4NCL Division One"]
[Site "Daventry, ENG"]
[Date "2023.03.19"]
[Round "8.57"]
[White "Zeidler, Sven P."]
[Black "Shaw, Peter"]
[Result "0-1"]
[WhiteElo "2137"]
[BlackElo "2071"]
[PlyCount "138"]
[EventDate "2023.03.19"]
[WhiteTeam "West is Best 1"]
[BlackTeam "Chessable White Rose 2"]

1. e4 c6 2. d4 d5 3. f3 e6 4. Nc3 Nf6 5. Nh3 Be7 6. Nf2 O-O 7. Be3 a6 8. Qd2 b5
9. Ne2 Qc7 10. Bf4 Qb6 11. Bg5 Re8 12. e5 Nfd7 13. Bxe7 Rxe7 14. Qg5 f6 15. Qh4
Rf7 16. f4 c5 17. c3 Nc6 18. f5 Nf8 19. exf6 Rxf6 20. fxe6 Bxe6 21. dxc5 Qxc5
22. Nd3 Qe3 23. Qg3 Qe4 24. Kd2 d4 25. Re1 dxc3+ 26. Nxc3 Qd4 27. Qe3 Rd8 28.
Qxd4 Rxd4 29. Ne4 Rf5 30. Rc1 Ne5 31. Ng3 Nxd3 32. Nxf5 Bxf5 33. Bxd3 Rxd3+ 34.
Ke2 Rd6 35. Ke3 h6 36. Rhd1 Re6+ 37. Kf4 Bg6 38. Rd8 Rf6+ 39. Ke3 Bf7 40. a3
Bc4 41. Rc2 Kf7 42. Ra8 Nd7 43. Rf2 Rxf2 44. Kxf2 b4 45. axb4 Ne5 46. Ke3 Bb5
47. Kd4 Nd3 48. Kc3 Ne1 49. g3 g5 50. h3 Nf3 51. Rh8 Kg7 52. Rd8 Ng1 53. Kd4
Ne2+ 54. Ke5 Nxg3 55. Rd6 h5 56. Rb6 h4 57. Rb7+ Kg6 58. Rb6+ Kh5 59. Rb8 Bf1
60. Rh8+ Kg6 61. Rg8+ Kh6 62. Ra8 Bxh3 63. Rxa6+ Kh5 64. Ra5 Bg2 65. Kf6 Ne4+
66. Kg7 h3 67. Ra6 Kg4 68. b5 h2 69. b6 Nc5 0-1

[Event "4NCL Division One"]
[Site "Daventry, ENG"]
[Date "2023.03.19"]
[Round "8.58"]
[White "Arnott, Jonathan W"]
[Black "Chong, Kimberly"]
[Result "1-0"]
[WhiteElo "2082"]
[BlackElo "1699"]
[PlyCount "69"]
[EventDate "2023.03.19"]
[WhiteTeam "Chessable White Rose 2"]
[BlackTeam "West is Best 1"]

1. e4 d5 2. exd5 Nf6 3. Bb5+ Bd7 4. Bc4 Bg4 5. f3 Bc8 6. Nc3 Nbd7 7. Nge2 Nb6
8. b3 Nfxd5 9. Nxd5 Nxd5 10. Bb2 e6 11. Ng3 Qg5 12. Qe2 Nf4 13. Qf2 Bc5 14. d4
Bb6 15. Qd2 c6 16. O-O-O Bc7 17. Kb1 Qg6 18. Ne4 Qxg2 19. Qxg2 Nxg2 20. Rdg1
Nh4 21. Rxg7 Nf5 22. Rxh7 Rxh7 23. Nf6+ Ke7 24. Nxh7 f6 25. Bd3 Nh4 26. d5 e5
27. dxc6 Nxf3 28. Nxf6 Nd2+ 29. Kc1 Nxb3+ 30. axb3 Kxf6 31. Rf1+ Ke7 32. Bc4
Be6 33. Ba3+ Bd6 34. Bxd6+ Kxd6 35. Rf6 1-0

[Event "4NCL Division One"]
[Site "Daventry, ENG"]
[Date "2023.03.19"]
[Round "8.61"]
[White "Fernandez, Daniel Howard"]
[Black "Ledger, Andrew J"]
[Result "1-0"]
[WhiteElo "2498"]
[BlackElo "2353"]
[PlyCount "203"]
[EventDate "2023.03.19"]
[WhiteTeam "Wood Green Youth"]
[BlackTeam "Blackthorne"]

1. Nf3 Nf6 2. g3 g6 3. b4 d5 4. Bb2 Bg7 5. Bg2 O-O 6. O-O c6 7. a4 Qb6 8. b5
cxb5 9. Bd4 Qa5 10. axb5 Qxb5 11. Nc3 Qd7 12. Ne5 Qd8 13. Bxa7 Nc6 14. Nxc6
bxc6 15. Bc5 Rxa1 16. Qxa1 Re8 17. Qa4 Qc7 18. e4 dxe4 19. Nxe4 Nxe4 20. Bxe4
Bf5 21. Bxf5 gxf5 22. Rb1 Bf6 23. Be3 Qd7 24. Bh6 Qe6 25. Qb3 Qxb3 26. Rxb3 Be5
27. Rb6 Rc8 28. Rb7 Bd6 29. Kg2 f6 30. Kf3 Kf7 31. Bf4 Rd8 32. Bxd6 Rxd6 33. d3
Re6 34. Rc7 Kg6 35. h3 h5 36. Ra7 Re5 37. d4 Rd5 38. Rxe7 Rxd4 39. Ke3 Rd6 40.
h4 f4+ 41. gxf4 Kf5 42. f3 Rd1 43. Rh7 Re1+ 44. Kf2 Rh1 45. Rxh5+ Kxf4 46. Kg2
Rd1 47. Rc5 Rd2+ 48. Kh3 f5 49. Rxc6 Kxf3 50. h5 Rd1 51. Kh4 Rg1 52. Rg6 Rc1
53. Kg5 f4 54. Rc6 Kg3 55. h6 f3 56. h7 Rh1 57. Rh6 Rxh6 58. Kxh6 f2 59. h8=Q
f1=Q 60. Qg7+ Kh2 61. Qe5+ Kh3 62. Qe6+ Kg3 63. c4 Qf8+ 64. Kg6 Kf4 65. Qd5
Qe8+ 66. Kf6 Qf8+ 67. Ke6 Qe8+ 68. Kd6 Qd8+ 69. Kc6 Qc8+ 70. Kb6 Qb8+ 71. Qb7
Qd6+ 72. Kb5 Qe5+ 73. Qd5 Qb8+ 74. Ka4 Qa7+ 75. Kb4 Qb6+ 76. Qb5 Qd6+ 77. Kc3
Qa3+ 78. Qb3 Qa5+ 79. Qb4 Qa1+ 80. Kc2 Qa2+ 81. Kd3 Ke5 82. Qe7+ Kf5 83. Qf7+
Ke5 84. Qd5+ Kf6 85. Qd6+ Kf5 86. Kc3 Qa1+ 87. Kb4 Qb2+ 88. Ka5 Qa2+ 89. Kb5
Qb3+ 90. Qb4 Qd3 91. Ka6 Ke6 92. Ka7 Kd7 93. c5 Qe3 94. Ka8 Qe8+ 95. Kb7 Qc8+
96. Ka7 Kc6 97. Qb6+ Kd5 98. Qd6+ Kc4 99. c6 Kb5 100. Qd5+ Kb4 101. Qd4+ Kb5
102. Qb6+ 1-0

[Event "4NCL Division One"]
[Site "Daventry, ENG"]
[Date "2023.03.19"]
[Round "8.62"]
[White "Ansell, Simon T"]
[Black "Royal, Shreyas"]
[Result "1/2-1/2"]
[WhiteElo "2436"]
[BlackElo "2452"]
[PlyCount "138"]
[EventDate "2023.03.19"]
[WhiteTeam "Blackthorne"]
[BlackTeam "Wood Green Youth"]

1. e4 c5 2. d3 Nc6 3. f4 g6 4. Nf3 Bg7 5. Be2 d6 6. O-O Nf6 7. Na3 O-O 8. Qe1
Rb8 9. c3 b5 10. Nc2 a5 11. Kh1 b4 12. c4 e6 13. a3 h5 14. axb4 axb4 15. Bd1
Bb7 16. Qg3 d5 17. cxd5 exd5 18. e5 Ng4 19. d4 Nh6 20. dxc5 Nf5 21. Qf2 d4 22.
Nce1 Nce7 23. Ng5 Nd5 24. Bf3 Nde3 25. c6 Nxf1 26. Qxf1 Ra8 27. Rxa8 Bxa8 28.
Qc4 d3 29. Nxd3 Qd4 30. Qa6 Ne7 31. c7 Bxf3 32. Nxf3 Qe4 33. Qd6 Nc8 34. Qd8
Nb6 35. Bd2 Qa8 36. Qd4 Nd5 37. Bxb4 Rc8 38. Bd6 Nxc7 39. Bxc7 Rxc7 40. h3 Qc8
41. b4 Rd7 42. Qe4 Qd8 43. Nc5 Rd1+ 44. Kh2 Qd5 45. Qxd5 Rxd5 46. g4 hxg4 47.
hxg4 Bf8 48. Kg3 Bxc5 49. bxc5 Rxc5 50. f5 Rc4 51. Ng5 Kg7 52. f6+ Kf8 53. Kf3
Rc1 54. Kf4 Rf1+ 55. Ke4 Ke8 56. Ke3 Re1+ 57. Kf4 Re2 58. Ne4 Kd7 59. Ng5 Ke8
60. Ne4 Rb2 61. Nd6+ Kf8 62. Ne4 Rb4 63. Kf3 Ke8 64. Ng5 Ra4 65. Kg3 Rc4 66.
Kf3 Rb4 67. Kg3 Ra4 68. Kf3 Rb4 69. Kg3 Ra4 1/2-1/2

[Event "4NCL Division One"]
[Site "Daventry, ENG"]
[Date "2023.03.19"]
[Round "8.63"]
[White "Willow, Jonah B"]
[Black "Gormally, Daniel W"]
[Result "1/2-1/2"]
[WhiteElo "2459"]
[BlackElo "2441"]
[PlyCount "48"]
[EventDate "2023.03.19"]
[WhiteTeam "Wood Green Youth"]
[BlackTeam "Blackthorne"]

1. e4 c5 2. Nf3 e6 3. d4 cxd4 4. Nxd4 a6 5. a3 b5 6. Nd2 Bb7 7. Bd3 Qc7 8. Qe2
Ne7 9. O-O Nbc6 10. Nxc6 Nxc6 11. Nf3 Bd6 12. Kh1 O-O 13. Bd2 Ne5 14. Nxe5 Bxe5
15. c3 d5 16. a4 dxe4 17. Bxe4 Bxe4 18. Qxe4 Rad8 19. Bg5 Rd5 20. f4 Bd6 21. f5
Re5 22. Qd3 Rd5 23. Qe4 Re5 24. Qd3 Rd5 1/2-1/2

[Event "4NCL Division One"]
[Site "Daventry, ENG"]
[Date "2023.03.19"]
[Round "8.64"]
[White "Bates, Richard A"]
[Black "Czopor, Maciej"]
[Result "1/2-1/2"]
[WhiteElo "2330"]
[BlackElo "2408"]
[PlyCount "88"]
[EventDate "2023.03.19"]
[WhiteTeam "Blackthorne"]
[BlackTeam "Wood Green Youth"]

1. d4 Nf6 2. Nf3 g6 3. c4 Bg7 4. g3 O-O 5. Bg2 d6 6. O-O c5 7. dxc5 dxc5 8. Ne5
Qd4 9. Nd3 Qxc4 10. Na3 Qg4 11. Nxc5 Nc6 12. e4 Rd8 13. Qxg4 Nxg4 14. h3 Nge5
15. Be3 b6 16. Na4 Ba6 17. Rfd1 Nd3 18. Rab1 Rac8 19. Bf1 Ncb4 20. Rd2 f5 21.
exf5 gxf5 22. Rbd1 e5 23. Nc3 e4 24. Nab1 Nc6 25. Be2 Nd4 26. Bh5 b5 27. Ne2
Nc6 28. b3 b4 29. g4 Bc3 30. gxf5 Bxd2 31. Nxd2 Nde5 32. Kh2 Nf3+ 33. Bxf3 exf3
34. Nf4 Kf7 35. Rg1 Nd4 36. Rg5 Rc3 37. Ne6 Nxe6 38. fxe6+ Kxe6 39. Nxf3 Bb7
40. Nd4+ Kf7 41. Rf5+ Ke8 42. Rg5 Kf7 43. Rf5+ Ke8 44. Rg5 Kf7 1/2-1/2

[Event "4NCL Division One"]
[Site "Daventry, ENG"]
[Date "2023.03.19"]
[Round "8.65"]
[White "O'Donnell, Conor"]
[Black "Ledger, Dave J"]
[Result "0-1"]
[WhiteElo "2339"]
[BlackElo "2260"]
[PlyCount "51"]
[EventDate "2023.03.19"]
[WhiteTeam "Wood Green Youth"]
[BlackTeam "Blackthorne"]

1. e4 e5 2. Nc3 Nf6 3. d4 exd4 4. Qxd4 Nc6 5. Qd3 Bc5 6. Bf4 d6 7. Qd2 Be6 8.
Bb5 O-O 9. Nge2 a6 10. Bxc6 bxc6 11. O-O Ng4 12. Bg5 f6 13. Bh4 Qd7 14. b3 Rae8
15. Na4 Ba7 16. c4 f5 17. exf5 Bxf5 18. Nd4 Nxh2 19. Kxh2 Bxd4 20. Qxd4 Re4 21.
Qd2 Rxh4+ 22. Kg1 Qf7 23. f3 Qh5 24. Kf2 Rh2 25. Rg1 Be4 26. Ke3 0-1

[Event "4NCL Division One"]
[Site "Daventry, ENG"]
[Date "2023.03.19"]
[Round "8.66"]
[White "Webb, Laurence E"]
[Black "Yao, Lan"]
[Result "1-0"]
[WhiteElo "2266"]
[BlackElo "2287"]
[PlyCount "141"]
[EventDate "2023.03.19"]
[WhiteTeam "Blackthorne"]
[BlackTeam "Wood Green Youth"]

1. d4 Nf6 2. c4 e6 3. Nc3 Bb4 4. Bg5 h6 5. Bh4 b6 6. f3 c5 7. d5 d6 8. e4 Bxc3+
9. bxc3 e5 10. Bf2 Bd7 11. Ne2 Na6 12. a4 Nc7 13. Ng3 a6 14. Bd3 Rb8 15. O-O g6
16. Be3 Kf8 17. Qd2 Kg7 18. h3 g5 19. f4 gxf4 20. Bxf4 exf4 21. Qxf4 Nce8 22.
Nh5+ Kf8 23. Nxf6 Qxf6 24. Qxf6 Nxf6 25. Rxf6 Ke7 26. Raf1 Rbf8 27. Bc2 Rhg8
28. Kh2 h5 29. Rh6 Rg5 30. h4 Rg4 31. g3 Rfg8 32. Rf3 b5 33. axb5 axb5 34. cxb5
Bxb5 35. Rxh5 Ra8 36. Rhf5 Be8 37. Rf2 Ra3 38. R5f3 Rg7 39. c4 Ra7 40. Re3 f6
41. Ref3 Rf7 42. Bd3 Bd7 43. Bf1 Bg4 44. Rb3 Kf8 45. Rb6 Rad7 46. Rf4 f5 47.
Bh3 Bxh3 48. Kxh3 fxe4 49. Rxe4 Kg7 50. Re6 Rf6 51. Kg4 Kf7 52. Rxf6+ Kxf6 53.
Kf4 Kg6 54. g4 Rf7+ 55. Kg3 Rd7 56. Rb3 Ra7 57. Re3 Ra4 58. Re4 Kf7 59. Kf4 Kf6
60. g5+ Kg6 61. Kg4 Kf7 62. h5 Ra1 63. Rf4+ Kg7 64. h6+ Kh7 65. Rf7+ Kg8 66.
Rd7 Ra4 67. Kf5 Ra8 68. Rxd6 Rf8+ 69. Kg6 Re8 70. Re6 Rf8 71. d6 1-0

[Event "4NCL Division One"]
[Site "Daventry, ENG"]
[Date "2023.03.19"]
[Round "8.67"]
[White "Hunt, Harriet V"]
[Black "Ledger, Stephen C"]
[Result "1-0"]
[WhiteElo "2343"]
[BlackElo "2147"]
[PlyCount "83"]
[EventDate "2023.03.19"]
[WhiteTeam "Wood Green Youth"]
[BlackTeam "Blackthorne"]

1. e4 d5 2. exd5 Qxd5 3. Nc3 Qd6 4. d4 Nf6 5. Nf3 c6 6. Ne5 Nbd7 7. Nc4 Qc7 8.
a4 Nb6 9. Ne5 e6 10. Qf3 Bb4 11. Nd3 Bd6 12. Bg5 Nbd5 13. Be2 h6 14. Nxd5 Nxd5
15. Bd2 a5 16. h3 b6 17. O-O Bb7 18. c4 Nb4 19. c5 bxc5 20. dxc5 Bh2+ 21. Kh1
Nxd3 22. Bxd3 Be5 23. Rae1 Bxb2 24. Bf4 Qe7 25. Bd6 Qf6 26. Rb1 O-O-O 27. Qe2
Bc3 28. Rb6 Rxd6 29. cxd6 Qd4 30. d7+ Kc7 31. Rb3 Bb4 32. Rd1 Qxd7 33. Bc4 Qe7
34. Qe5+ Kb6 35. Qxg7 Rd8 36. Rbd3 Rxd3 37. Bxd3 c5 38. Qxh6 Qd6 39. Qf6 Qc6
40. Bf1 Qxa4 41. Rd6+ Ka7 42. Qd8 1-0

[Event "4NCL Division One"]
[Site "Daventry, ENG"]
[Date "2023.03.19"]
[Round "8.68"]
[White "Varney, Zoe"]
[Black "Stoyanov, Viktor"]
[Result "0-1"]
[WhiteElo "2054"]
[BlackElo "2251"]
[PlyCount "54"]
[EventDate "2023.03.19"]
[WhiteTeam "Blackthorne"]
[BlackTeam "Wood Green Youth"]

1. Nc3 c5 2. Nf3 Nc6 3. d4 cxd4 4. Nxd4 g6 5. Nxc6 bxc6 6. Qd4 Nf6 7. e4 d6 8.
Be3 Bg7 9. f3 O-O 10. Qd2 Qa5 11. Bc4 Rb8 12. Bb3 c5 13. O-O Ba6 14. Rfb1 Rfd8
15. a3 c4 16. Ba4 d5 17. e5 d4 18. Bxd4 Ne4 19. Nxe4 Qxd2 20. Nxd2 Rxd4 21. Ne4
Bxe5 22. c3 Rdd8 23. b3 cxb3 24. Rxb3 Rbc8 25. Rc1 f5 26. Bb5 Bxb5 27. Rxb5 Bf4
0-1